LEADER 00839cam0 2200265 450 001 E600200029442 005 20210609065803.0 100 $a20070924d1981 |||||ita|0103 ba 101 $aita 102 $aIT 200 1 $aSaffo$fGrytzko Mascioni 210 $aMilano$cRusconi$d1981 215 $a269 p., [12] c. di tav.$cill., c. geogr.$d22 cm 225 2 $avite 410 1$1001LAEC00019316$12001 $aLe *vite 700 1$aMascioni$b, Grytzko$3AF00006965$4070$0158182 801 0$aIT$bUNISOB$c20210609$gRICA 850 $aUNISOB 852 $aUNISOB$j900|Coll|20|K$m35090 912 $aE600200029442 940 $aM 102 Monografia moderna SBN 941 $aM 957 $a900|Coll|20|K$b000024$gSi$d35090$racquisto$1pregresso1$2UNISOB$3UNISOB$420070924132524.0$520210609065803.0$6rovito 996 $aSaffo$9139299 997 $aUNISOB